Lady Huntington, & her friends: (Record no. 14276)

000 -LEADER
fixed length control field 00720nam a2200193 a 4500
001 - CONTROL NUMBER
control field :::00012105$&:&@@
003 - CONTROL NUMBER IDENTIFIER
control field OkBaRHE
005 - DATE AND TIME OF LATEST TRANSACTION
control field 20000607103416.0
008 - FIXED-LENGTH DATA ELEMENTS--GENERAL INFORMATION
fixed length control field s1979 j 000 0 eng u
040 ## - CATALOGING SOURCE
Transcribing agency
100 1# - MAIN ENTRY--PERSONAL NAME
Personal name Knight, Helen C.
245 10 - TITLE STATEMENT
Title Lady Huntington, & her friends:
Remainder of title the revival of the work of God in the days of Wesley, Whitefield, Romaine, Venn, and others.
260 ## - PUBLICATION, DISTRIBUTION, ETC. (IMPRINT)
Place of publication, distribution, etc Grand Rapids, MI., :
Name of publisher, distributor, etc Baker Book House
Date of publication, distribution, etc c1979
300 ## - PHYSICAL DESCRIPTION
Extent 292 p. ;
Dimensions 18 cm.
650 ## - SUBJECT ADDED ENTRY--TOPICAL TERM
Topical term or geographic name as entry element Huntington, Selina Hastings, Countess of, 1707-1791.
650 ## - SUBJECT ADDED ENTRY--TOPICAL TERM
Topical term or geographic name as entry element Revivals
General subdivision Great Britain
942 ## - ADDED ENTRY ELEMENTS (KOHA)
Source of classification or shelving scheme
Koha item type Books
Copies
Copy number Price effective from Lost status Date acquired Withdrawn status Full call number Barcode Koha item type Damaged status Date last seen Permanent Location Shelving location Not for loan Source of classification or shelving scheme
12010-04-14 2010-04-14 BX 9225 .H82K5312105Books 2010-04-14RHEMA Bible Training CollegeGeneral Stacks